| 000 -LEADER |
| fixed length control field |
00420pab a2200145 454500 |
| 008 - FIXED-LENGTH DATA ELEMENTS--GENERAL INFORMATION |
| fixed length control field |
180718b1999 xxu||||| |||| 00| 0 eng d |
| 100 ## - MAIN ENTRY--PERSONAL NAME |
| Personal name |
Nazir, Nazir A. |
| 245 ## - TITLE STATEMENT |
| Title |
Culture in the domain of values: a contemporary approach to the assessment of organisational culture |
| 260 ## - PUBLICATION, DISTRIBUTION, ETC. |
| Date of publication, distribution, etc. |
1999 |
| 300 ## - PHYSICAL DESCRIPTION |
| Extent |
p.211-18 |
| 650 ## - SUBJECT ADDED ENTRY--TOPICAL TERM |
| Topical term or geographic name entry element |
Organizations |
| 650 ## - SUBJECT ADDED ENTRY--TOPICAL TERM |
| Topical term or geographic name entry element |
Corporate culture |
| 773 ## - HOST ITEM ENTRY |
| Main entry heading |
Business Review |
| 909 ## - |
| -- |
41866 |